000 00471nam a2200181Ia 4500
003 GCL
008 140319s9999 xx 000 0 ara d
040 _aGCL /
_cGCL
082 0 4 _a810.9
_bغ ا
100 1 _aغالى شكرى
245 1 0 _aازمة الجنس فى القصة العربية /
_cغالى شكرى
300 _a303 ص
490 _a
650 0 4 _aالادب العربى
650 0 4 _aالجنس
650 0 4 _aتاريخ ونقد
942 _2ddc
_cBK
999 _c40658
_d40658